Dates - Le Second Empire - Statistiques

Statistiques générales
  • Ce quiz a été pris 123 fois
  • Le résultat moyen est 5 sur 11
Statistiques - réponses
Evènement Précision Date % Correct
Coup d'Etat de Louis Napoléon Bonaparte Jour, mois et année 2 décembre 1851
85%
Sacre de Napoléon III Jour, mois et année 2 décembre 1852
66%
Election de Louis Napoléon Bonaparte en tant que Président de la République Jour, mois et année 10 décembre 1848
55%
Grandes victoires françaises en Italie Années 1859-1860
54%
Napoléon III vient au secours des britannique contre les russes Années 1854-1856
52%
Chute du II Empire et proclamation de la III République Jour, mois et année 4 septembre 1870
52%
Défaite de Sedan contre la Prusse, Napoléon III est fait prisonnier Jour, mois et année 2 septembre 1870
51%
Conquête du Mexique par Napoléon III Année 1867
50%
Mariage de Napoléon III avec Eugénie de Montejo Année 1853
47%
Appel du peuple pour un plébiscite Jours, mois et année 20 et 21 décembre 1851
17%
Tentative de conviction du peuple par Napoléon III qu'il est l'homme providentiel pour un nouveau régime Mois et année Juin 1851
8%
Aucun quiz correspondant
Distribution des résultats
% des personnes avec chaque résultat
Percentile par nombre de réponses
Votre historique - résultats
Vous n’avez pas pris ce quiz